00399pab a2200133 454500008004000000100001600040245011800056260000900174300001100183362001200194650001000206700001500216773003400231180718b1989 xxu||||| |||| 00| 0 eng d aDatt, Sunil aCAS (Credit Authorisation Scheme) Swan song or metamorphosis? Profile of bank credit to medium and large industry c1989 aM160-8 a25 Nov. aBanks aJ.K. Sinha aEconomic and Political Weekly